| 000 | 00742nam a22002777a 4500 | ||
|---|---|---|---|
| 003 | CHAP | ||
| 005 | 20220817041802.0 | ||
| 008 | 971013s r 00010 d | ||
| 010 | _a24429 | ||
| 011 | _a25401 | ||
| 035 | _a29501 | ||
| 040 | _cCHAP | ||
| 090 | _aFolleto 8451 | ||
| 110 |
_aInstitut Technique de la Vigne et du Vin. Paris _959015 |
||
| 245 | _aConduite de la vigne | ||
| 260 |
_aParis : _bLe Institut, _c(19 ?) |
||
| 300 |
_a2 p. _b; 10 fotografías |
||
| 590 |
_aBATCH-UPD _b10 _c20130110 |
||
| 590 |
_aCONVERSION _b10 _c20130109 |
||
| 650 | 1 | 4 |
_aUva. _9117117 |
| 650 | 1 | 4 |
_aVid. _9119097 |
| 650 | 1 | 4 | _aViticultura. |
| 901 | _aBK | ||
| 942 |
_cFOLL _2local |
||
| 949 |
_aFolleto 8451 _bBC _cFOLL _d-68221 _eFOLL _i29501 _si |
||
| 999 |
_c24429 _d24429 |
||